<?xml version="1.0" encoding="UTF-8"?>
<collection xmlns="http://www.loc.gov/MARC21/slim">
 <record>
  <leader>05074nas a22006131  4500</leader>
  <controlfield tag="001">1/50339</controlfield>
  <controlfield tag="008">021104s194719  enkmrzp       0   a0eng d</controlfield>
  <datafield tag="022" ind1=" " ind2=" ">
   <subfield code="a">0043-9134</subfield>
  </datafield>
  <datafield tag="035" ind1=" " ind2=" ">
   <subfield code="l">24040</subfield>
  </datafield>
  <datafield tag="090" ind1=" " ind2=" ">
   <subfield code="a">Αλφαβητική σειρά</subfield>
  </datafield>
  <datafield tag="245" ind1="0" ind2="4">
   <subfield code="a">The world today :</subfield>
   <subfield code="b">the Royal International affairs</subfield>
  </datafield>
  <datafield tag="260" ind1=" " ind2=" ">
   <subfield code="a">London :</subfield>
   <subfield code="b">Royal Institute of International Affairs,</subfield>
   <subfield code="c">1945-</subfield>
  </datafield>
  <datafield tag="300" ind1=" " ind2=" ">
   <subfield code="a">v. :</subfield>
   <subfield code="b">ill. ;</subfield>
   <subfield code="c">28 cm.</subfield>
  </datafield>
  <datafield tag="310" ind1=" " ind2=" ">
   <subfield code="a">Monthly</subfield>
  </datafield>
  <datafield tag="362" ind1="0" ind2=" ">
   <subfield code="a">Vol.33, no.1(Jan. 1977)-v.33, no.12(Dec. 1977)</subfield>
  </datafield>
  <datafield tag="362" ind1="0" ind2=" ">
   <subfield code="a">Vol.35, no.1(Jan. 1979)-v.33, no.12(Dec. 1980)</subfield>
  </datafield>
  <datafield tag="362" ind1="0" ind2=" ">
   <subfield code="a">Vol.41, no.3(March 1985)-v.42, no.2(Feb. 1986)</subfield>
  </datafield>
  <datafield tag="546" ind1=" " ind2=" ">
   <subfield code="a">English</subfield>
  </datafield>
  <datafield tag="650" ind1=" " ind2="4">
   <subfield code="a">World politics</subfield>
   <subfield code="v">Periodicals.</subfield>
  </datafield>
  <datafield tag="650" ind1=" " ind2="4">
   <subfield code="a">History, Modern</subfield>
   <subfield code="v">Periodicals.</subfield>
  </datafield>
  <datafield tag="710" ind1="2" ind2=" ">
   <subfield code="a">Royal Institute of International Affairs.</subfield>
  </datafield>
  <datafield tag="852" ind1=" " ind2=" ">
   <subfield code="a">INST</subfield>
   <subfield code="b">UNIPILB</subfield>
   <subfield code="c">SERIALS</subfield>
   <subfield code="e">20100205</subfield>
   <subfield code="h">Αλφαβητική σειρά</subfield>
   <subfield code="p">66687</subfield>
   <subfield code="q">66687</subfield>
   <subfield code="t">NOLOAN</subfield>
   <subfield code="v">vol.65;no.12:(Μήνας)December;(Έτος)2009</subfield>
   <subfield code="y">23</subfield>
  </datafield>
  <datafield tag="852" ind1=" " ind2=" ">
   <subfield code="a">INST</subfield>
   <subfield code="b">UNIPILB</subfield>
   <subfield code="c">SERIALS</subfield>
   <subfield code="e">20100707</subfield>
   <subfield code="h">Αλφαβητική σειρά</subfield>
   <subfield code="p">69457</subfield>
   <subfield code="q">69457</subfield>
   <subfield code="t">NOLOAN</subfield>
   <subfield code="v">vol.66;no.1:(Μήνας)January;(Έτος)2010</subfield>
   <subfield code="y">23</subfield>
  </datafield>
  <datafield tag="852" ind1=" " ind2=" ">
   <subfield code="a">INST</subfield>
   <subfield code="b">UNIPILB</subfield>
   <subfield code="c">SERIALS</subfield>
   <subfield code="e">20100707</subfield>
   <subfield code="h">Αλφαβητική σειρά</subfield>
   <subfield code="p">69458</subfield>
   <subfield code="q">69458</subfield>
   <subfield code="t">NOLOAN</subfield>
   <subfield code="v">vol.66;no.2:(Μήνας)February;(Έτος)2010</subfield>
   <subfield code="y">23</subfield>
  </datafield>
  <datafield tag="852" ind1=" " ind2=" ">
   <subfield code="a">INST</subfield>
   <subfield code="b">UNIPILB</subfield>
   <subfield code="c">SERIALS</subfield>
   <subfield code="e">20100707</subfield>
   <subfield code="h">Αλφαβητική σειρά</subfield>
   <subfield code="p">69459</subfield>
   <subfield code="q">69459</subfield>
   <subfield code="t">NOLOAN</subfield>
   <subfield code="v">vol.66;no.5:(Μήνας)May;(Έτος)2010</subfield>
   <subfield code="y">23</subfield>
  </datafield>
  <datafield tag="852" ind1=" " ind2=" ">
   <subfield code="a">INST</subfield>
   <subfield code="b">UNIPILB</subfield>
   <subfield code="c">SERIALS</subfield>
   <subfield code="e">20100707</subfield>
   <subfield code="h">Αλφαβητική σειρά</subfield>
   <subfield code="p">69460</subfield>
   <subfield code="q">69460</subfield>
   <subfield code="t">NOLOAN</subfield>
   <subfield code="v">vol.66;no.4:(Μήνας)April;(Έτος)2010</subfield>
   <subfield code="y">23</subfield>
  </datafield>
  <datafield tag="852" ind1=" " ind2=" ">
   <subfield code="a">INST</subfield>
   <subfield code="b">UNIPILB</subfield>
   <subfield code="c">SERIALS</subfield>
   <subfield code="e">20100830</subfield>
   <subfield code="h">Αλφαβητική σειρά</subfield>
   <subfield code="p">69694</subfield>
   <subfield code="q">69694</subfield>
   <subfield code="t">NOLOAN</subfield>
   <subfield code="v">vol.66;no.3:(Μήνας)March;(Έτος)2010</subfield>
   <subfield code="y">23</subfield>
  </datafield>
  <datafield tag="852" ind1=" " ind2=" ">
   <subfield code="a">INST</subfield>
   <subfield code="b">UNIPILB</subfield>
   <subfield code="c">SERIALS</subfield>
   <subfield code="e">20100830</subfield>
   <subfield code="h">Αλφαβητική σειρά</subfield>
   <subfield code="p">69695</subfield>
   <subfield code="q">69695</subfield>
   <subfield code="t">NOLOAN</subfield>
   <subfield code="v">vol.66;no.6:(Μήνας)June;(Έτος)2010</subfield>
   <subfield code="y">23</subfield>
  </datafield>
  <datafield tag="852" ind1=" " ind2=" ">
   <subfield code="a">INST</subfield>
   <subfield code="b">UNIPILB</subfield>
   <subfield code="c">SERIALS</subfield>
   <subfield code="e">20100830</subfield>
   <subfield code="h">Αλφαβητική σειρά</subfield>
   <subfield code="p">69696</subfield>
   <subfield code="q">69696</subfield>
   <subfield code="t">NOLOAN</subfield>
   <subfield code="v">vol.66;no.7:(Μήνας)July;(Έτος)2010</subfield>
   <subfield code="y">23</subfield>
  </datafield>
  <datafield tag="852" ind1=" " ind2=" ">
   <subfield code="a">INST</subfield>
   <subfield code="b">UNIPILB</subfield>
   <subfield code="c">SERIALS</subfield>
   <subfield code="e">20101001</subfield>
   <subfield code="h">Αλφαβητική σειρά</subfield>
   <subfield code="p">69962</subfield>
   <subfield code="q">69962</subfield>
   <subfield code="t">NOLOAN</subfield>
   <subfield code="v">vol.66;no.8/9:(Μήνες)Aug.-Sep.;(Έτος)2010</subfield>
   <subfield code="y">23</subfield>
  </datafield>
  <datafield tag="852" ind1=" " ind2=" ">
   <subfield code="a">INST</subfield>
   <subfield code="b">UNIPILB</subfield>
   <subfield code="c">SERIALS</subfield>
   <subfield code="e">20101020</subfield>
   <subfield code="h">Αλφαβητική σειρά</subfield>
   <subfield code="p">70300</subfield>
   <subfield code="q">70300</subfield>
   <subfield code="t">NOLOAN</subfield>
   <subfield code="v">vol.66;no.10:(Μήνας)October;(Έτος)2010</subfield>
   <subfield code="y">23</subfield>
  </datafield>
  <datafield tag="852" ind1=" " ind2=" ">
   <subfield code="a">INST</subfield>
   <subfield code="b">UNIPILB</subfield>
   <subfield code="c">SERIALS</subfield>
   <subfield code="e">20101112</subfield>
   <subfield code="h">Αλφαβητική σειρά</subfield>
   <subfield code="p">70542</subfield>
   <subfield code="q">70542</subfield>
   <subfield code="t">NOLOAN</subfield>
   <subfield code="v">vol.66;no.11:(Μήνας)November;(Έτος)2010</subfield>
   <subfield code="y">23</subfield>
  </datafield>
  <datafield tag="852" ind1=" " ind2=" ">
   <subfield code="a">INST</subfield>
   <subfield code="b">UNIPILB</subfield>
   <subfield code="c">SERIALS</subfield>
   <subfield code="e">20110125</subfield>
   <subfield code="h">Αλφαβητική σειρά</subfield>
   <subfield code="p">70931</subfield>
   <subfield code="q">70931</subfield>
   <subfield code="t">NOLOAN</subfield>
   <subfield code="v">vol.66;no.12:(Μήνας)December;(Έτος)2010</subfield>
   <subfield code="y">23</subfield>
  </datafield>
  <datafield tag="852" ind1=" " ind2=" ">
   <subfield code="a">INST</subfield>
   <subfield code="b">UNIPILB</subfield>
   <subfield code="c">SERIALS</subfield>
   <subfield code="e">20091209</subfield>
   <subfield code="h">Αλφαβητική σειρά</subfield>
   <subfield code="p">NB000310</subfield>
   <subfield code="q">NB000310</subfield>
   <subfield code="t">NOLOAN</subfield>
   <subfield code="v">vol.65;no.1:(Μήνας)January;(Έτος)2009</subfield>
   <subfield code="y">23</subfield>
  </datafield>
  <datafield tag="852" ind1=" " ind2=" ">
   <subfield code="a">INST</subfield>
   <subfield code="b">UNIPILB</subfield>
   <subfield code="c">SERIALS</subfield>
   <subfield code="e">20091209</subfield>
   <subfield code="h">Αλφαβητική σειρά</subfield>
   <subfield code="p">NB000311</subfield>
   <subfield code="q">NB000311</subfield>
   <subfield code="t">NOLOAN</subfield>
   <subfield code="v">vol.65;no.2:(Μήνας)February;(Έτος)2009</subfield>
   <subfield code="y">23</subfield>
  </datafield>
  <datafield tag="852" ind1=" " ind2=" ">
   <subfield code="a">INST</subfield>
   <subfield code="b">UNIPILB</subfield>
   <subfield code="c">SERIALS</subfield>
   <subfield code="e">20091209</subfield>
   <subfield code="h">Αλφαβητική σειρά</subfield>
   <subfield code="p">NB000312</subfield>
   <subfield code="q">NB000312</subfield>
   <subfield code="t">NOLOAN</subfield>
   <subfield code="v">vol.65;no.3:(Μήνας)March;(Έτος)2009</subfield>
   <subfield code="y">23</subfield>
  </datafield>
  <datafield tag="852" ind1=" " ind2=" ">
   <subfield code="a">INST</subfield>
   <subfield code="b">UNIPILB</subfield>
   <subfield code="c">SERIALS</subfield>
   <subfield code="e">20091209</subfield>
   <subfield code="h">Αλφαβητική σειρά</subfield>
   <subfield code="p">NB000313</subfield>
   <subfield code="q">NB000313</subfield>
   <subfield code="t">NOLOAN</subfield>
   <subfield code="v">vol.65;no.4:(Μήνας)April;(Έτος)2009</subfield>
   <subfield code="y">23</subfield>
  </datafield>
  <datafield tag="852" ind1=" " ind2=" ">
   <subfield code="a">INST</subfield>
   <subfield code="b">UNIPILB</subfield>
   <subfield code="c">SERIALS</subfield>
   <subfield code="e">20091209</subfield>
   <subfield code="h">Αλφαβητική σειρά</subfield>
   <subfield code="p">NB000314</subfield>
   <subfield code="q">NB000314</subfield>
   <subfield code="t">NOLOAN</subfield>
   <subfield code="v">vol.65;no.5:(Μήνας)May;(Έτος)2009</subfield>
   <subfield code="y">23</subfield>
  </datafield>
  <datafield tag="852" ind1=" " ind2=" ">
   <subfield code="a">INST</subfield>
   <subfield code="b">UNIPILB</subfield>
   <subfield code="c">SERIALS</subfield>
   <subfield code="e">20091209</subfield>
   <subfield code="h">Αλφαβητική σειρά</subfield>
   <subfield code="p">NB000315</subfield>
   <subfield code="q">NB000315</subfield>
   <subfield code="t">NOLOAN</subfield>
   <subfield code="v">vol.65;no.6:(Μήνας)June;(Έτος)2009</subfield>
   <subfield code="y">23</subfield>
  </datafield>
  <datafield tag="852" ind1=" " ind2=" ">
   <subfield code="a">INST</subfield>
   <subfield code="b">UNIPILB</subfield>
   <subfield code="c">SERIALS</subfield>
   <subfield code="e">20091209</subfield>
   <subfield code="h">Αλφαβητική σειρά</subfield>
   <subfield code="p">NB000316</subfield>
   <subfield code="q">NB000316</subfield>
   <subfield code="t">NOLOAN</subfield>
   <subfield code="v">vol.65;no.7:(Μήνας)July;(Έτος)2009</subfield>
   <subfield code="y">23</subfield>
  </datafield>
  <datafield tag="852" ind1=" " ind2=" ">
   <subfield code="a">INST</subfield>
   <subfield code="b">UNIPILB</subfield>
   <subfield code="c">SERIALS</subfield>
   <subfield code="e">20091209</subfield>
   <subfield code="h">Αλφαβητική σειρά</subfield>
   <subfield code="p">NB000317</subfield>
   <subfield code="q">NB000317</subfield>
   <subfield code="t">NOLOAN</subfield>
   <subfield code="v">vol.65;no.8/9:(Μήνες)Aug.-Sep.;(Έτος)2009</subfield>
   <subfield code="y">23</subfield>
  </datafield>
  <datafield tag="852" ind1=" " ind2=" ">
   <subfield code="a">INST</subfield>
   <subfield code="b">UNIPILB</subfield>
   <subfield code="c">SERIALS</subfield>
   <subfield code="e">20091209</subfield>
   <subfield code="h">Αλφαβητική σειρά</subfield>
   <subfield code="p">NB000318</subfield>
   <subfield code="q">NB000318</subfield>
   <subfield code="t">NOLOAN</subfield>
   <subfield code="v">vol.65;no.10:(Μήνας)October;(Έτος)2009</subfield>
   <subfield code="y">23</subfield>
  </datafield>
  <datafield tag="852" ind1=" " ind2=" ">
   <subfield code="a">INST</subfield>
   <subfield code="b">UNIPILB</subfield>
   <subfield code="c">SERIALS</subfield>
   <subfield code="e">20091209</subfield>
   <subfield code="h">Αλφαβητική σειρά</subfield>
   <subfield code="p">NB000319</subfield>
   <subfield code="q">NB000319</subfield>
   <subfield code="t">NOLOAN</subfield>
   <subfield code="v">vol.65;no.11:(Μήνας)November;(Έτος)2009</subfield>
   <subfield code="y">23</subfield>
  </datafield>
  <datafield tag="900" ind1=" " ind2=" ">
   <subfield code="a">Vol. 67 no. 1 (January 2011)</subfield>
   <subfield code="b">Οφειλόμενο</subfield>
   <subfield code="c">26/05/2011</subfield>
  </datafield>
  <datafield tag="950" ind1=" " ind2=" ">
   <subfield code="a">01/01/2009</subfield>
   <subfield code="c">SWETS INFORMATION SERVICES</subfield>
   <subfield code="d">578</subfield>
  </datafield>
  <datafield tag="951" ind1=" " ind2=" ">
   <subfield code="a">Vol. 66 no. 10 (October 2010) - Vol. 66 no. 12 (December 2010)</subfield>
   <subfield code="b">Main run</subfield>
  </datafield>
  <datafield tag="951" ind1=" " ind2=" ">
   <subfield code="a">Vol.33 no.1(Jan. 1977) -  (v.33 no.12(Dec. 1977)</subfield>
   <subfield code="b">Main run</subfield>
  </datafield>
  <datafield tag="951" ind1=" " ind2=" ">
   <subfield code="a">Vol.35 no.1(Jan. 1979) -  (v.33 no.12(Dec. 1980)</subfield>
   <subfield code="b">Main run</subfield>
  </datafield>
  <datafield tag="951" ind1=" " ind2=" ">
   <subfield code="a">Vol.41 no.3(March 1985) -  (v.42 no.2(Feb. 1986)</subfield>
   <subfield code="b">Main run</subfield>
  </datafield>
  <datafield tag="951" ind1=" " ind2=" ">
   <subfield code="a">Vol. 65 no. 1 (January 2009) - Vol. 65 no. 7 (July 2009)</subfield>
   <subfield code="b">Main run</subfield>
  </datafield>
  <datafield tag="951" ind1=" " ind2=" ">
   <subfield code="a">Vol. 65 no. 8/9 (Aug.-Sep. 2009)</subfield>
   <subfield code="b">Main run</subfield>
  </datafield>
  <datafield tag="951" ind1=" " ind2=" ">
   <subfield code="a">Vol. 65 no. 10 (October 2009) - Vol. 65 no. 12 (December 2009)</subfield>
   <subfield code="b">Main run</subfield>
  </datafield>
  <datafield tag="951" ind1=" " ind2=" ">
   <subfield code="a">Vol. 66 no. 1 (January 2010) - Vol. 66 no. 7 (July 2010)</subfield>
   <subfield code="b">Main run</subfield>
  </datafield>
  <datafield tag="951" ind1=" " ind2=" ">
   <subfield code="a">Vol. 66 no. 8/9 (Aug.-Sep. 2010)</subfield>
   <subfield code="b">Main run</subfield>
  </datafield>
 </record>
</collection>
